000 00848cam a22002778a 4500
001 13728914
003 MUT
005 20240606080914.0
008 040923s2006 nju 001 0 eng
010 _a 2004058736
020 _a0131492624
040 _aDLC
_cDLC
050 0 0 _aQA152.3
_b.B648 2006
082 0 0 _a512.9
_222
100 1 _aBlitzer, Robert.
245 1 0 _aIntroductory algebra for college students /
250 _a4th ed.
260 _aUpper Saddle River, N.J. :
_bPearson Prentice Hall,
_cc2006.
263 _a0412
300 _ap. cm.
500 _aIncludes indexes.
650 0 _aAlgebra
_vTextbooks.
906 _a7
_bcbc
_corignew
_d1
_eocip
_f20
_gy-gencatlg
942 _2lcc
_cBK
999 _c3409
_d3409